Las consultas diarias en patología hepatobiliar / (Record no. 176408)

MARC details
000 -LEADER
campo de control de longitud fija 00873nam a22002535i 4500
001 - NÚMERO DE CONTROL
campo de control 176408
003 - IDENTIFICADOR DE NÚMERO DE CONTROL
campo de control ES-MaACL
005 - FECHA Y HORA DE LA ÚLTIMA TRANSACCIÓN
campo de control 20230906220054.0
008 - DATOS DE LONGITUD FIJA--INFORMACIÓN GENERAL
campo de control de longitud fija 110113s1966 sp |||| | spa d
080 ## - NÚMERO DE LA CLASIFICACIÓN DECIMAL UNIVERSAL
Número de la Clasificación Decimal Universal 616.36
100 0# - ENTRADA PRINCIPAL--NOMBRE DE PERSONA
Nombre de persona Darnis, François.
9 (RLIN) 144726
245 14 - MENCIÓN DEL TÍTULO
Título Las consultas diarias en patología hepatobiliar /
Mención de responsabilidad, etc. por F. Darnis, J. Dubrisay ; versión española de J. C. Rodríguez Ferrera.
250 ## - MENCION DE EDICION
Mención de edición 1ª ed.
260 ## - PUBLICACIÓN, DISTRIBUCIÓN, ETC.
Lugar de publicación, distribución, etc. Barcelona :
Nombre del editor, distribuidor, etc. Toray-Masson,
Fecha de publicación, distribución, etc. 1966.
300 ## - DESCRIPCIÓN FÍSICA
Extensión XI, 264 p. ;
Dimensiones 22 cm.
490 1# - MENCIÓN DE SERIE
Mención de serie Las consultas diarias ;
Designación de volumen o secuencia 12
500 ## - NOTA GENERAL
Nota general Índice.
650 04 - PUNTO DE ACCESO ADICIONAL DE MATERIA--TÉRMINO DE MATERIA
Término de materia o nombre geográfico como elemento de entrada Hígado-
Subdivisión general Diagnóstico de las enfermedades.
9 (RLIN) 13346
700 1# - ENTRADA AGREGADA--NOMBRE PERSONAL
Nombre de persona Dubrisay, Jacques Georges.
9 (RLIN) 144727
700 1# - ENTRADA AGREGADA--NOMBRE PERSONAL
Nombre de persona Rodríguez Ferrera, J. C.
9 (RLIN) 144710
830 0# - PUNTO DE ACCESO ADICIONAL DE SERIE-TÍTULO UNIFORME
Título uniforme Las consultas diarias ;
Designación de volumen o secuencia 12
9 (RLIN) 190025
852 ## - LOCALIZACIÓN
Ubicación ES-MaACL
Número de control de estantería E-14041
Encuadernación Olim P-210-Ter
Holdings
Estatus retirado Estado de pérdida Estado de daño No para préstamo Biblioteca de origen Biblioteca actual Ubicación en estantería Fecha de adquisición Fuente de adquisición Total de préstamos Signatura topográfica completa Código de barras Visto por última vez Precio de reemplazo Tipo de ítem Koha
        Biblioteca del Ateneo de Madrid Biblioteca del Ateneo de Madrid Depósito 2 13/01/2011     E-14041 1185266 23/02/2023 23/02/2023 Libro impreso